Little Dorrit

Guardado en:
Detalles Bibliográficos
Autor principal: Charles Dickens
Formato: Libro
Lenguaje:Undetermined
Publicado: London Everyman's Library 1992
Materias:
Etiquetas: Agregar Etiqueta
Sin Etiquetas, Sea el primero en etiquetar este registro!
Thư viện lưu trữ: Trung tâm Học liệu Trường Đại học Cần Thơ
LEADER 00477nam a2200181Ia 4500
001 CTU_40054
008 210402s9999 xx 000 0 und d
082 |a 823.8 
082 |b D548L 
100 |a Charles Dickens 
245 0 |a Little Dorrit 
245 0 |c Charles Dickens 
260 |a London 
260 |b Everyman's Library 
260 |c 1992 
650 |a english fiction - 19th century 
904 |i Minh, 001221 
980 |a Trung tâm Học liệu Trường Đại học Cần Thơ